Vplyv mimocenových ekonomických nástrojov na medzipodnikovú dôchodkovú diferenciáciu a návrh na zdokonalenie mechanizmu ich poskytovania záverečná správa SPEV 903 529 308 - 04/06
Gespeichert in:
| 1. Verfasser: | |
|---|---|
| Format: | Buch |
| Sprache: | Slowakisch |
| Veröffentlicht: |
Bratislava
Výskumný ústav ekonomiky poľnohospodárstva a potravinárstva
1983
|
| Tags: |
Keine Tags, Fügen Sie das erste Tag hinzu!
|
MARC
| LEADER | 00000nam a2200000 4500 | ||
|---|---|---|---|
| 001 | c115638 | ||
| 005 | 20221128071521.0 | ||
| 041 | 0 | |a slo | |
| 044 | |a SK | ||
| 245 | 1 | 0 | |a Vplyv mimocenových ekonomických nástrojov na medzipodnikovú dôchodkovú diferenciáciu a návrh na zdokonalenie mechanizmu ich poskytovania |b záverečná správa SPEV 903 529 308 - 04/06 |c Pavol Vašek |
| 264 | 1 | |a Bratislava |b Výskumný ústav ekonomiky poľnohospodárstva a potravinárstva |c 1983 | |
| 300 | |a 56 s. | ||
| 100 | 1 | |a Vašek, Pavol | |